000 00594nam a2200181Ia 4500
005 20250423094851.0
008 250422s9999 xx 000 0 und d
020 _a9789784918343
050 _aHM 1121 .E59/
100 _aEnwere, Chigozie
245 0 _aConflict studies : an introduction
260 _aEnugu
260 _bRossen Publication Ltd.
260 _c2015
300 _a230 p
650 _a Social conflict--Textbooks. Interpersonal conflict--Textbooks. Conflict management--Textbooks. Conflict management--Moral and ethical aspects--Textbooks.
942 _cBK
999 _c28534
_d28534